| 000 | 01153nam a2200289 i 4500 | ||
|---|---|---|---|
| 003 | DO-SdBNP | ||
| 005 | 20260209073756.0 | ||
| 007 | ta | ||
| 008 | 260209b2025 dr c|||| |||| 00| 0 spa d | ||
| 020 | _a9789945224351 | ||
| 040 |
_aDO-SdBNP _bspa _cBNPHU _erda |
||
| 041 | _aspa | ||
| 082 | 4 |
_a324.7 _bR311t 2025 _222 |
|
| 245 | 1 | 0 |
_aRecopilación de temas políticos-electorales I : _bcursos intensivossobre sistemas los sistemas electorales, en América Latina. Los partidos políticos en los sistemas electorales, quinto curso / _cprólogo, José Lino Martínez Reyes ; coordinador, Clodoaldo Mateo Villanueva |
| 264 | 1 |
_aSanto Domingo : _bFundación Friedrich Ebert, _c2025. |
|
| 300 |
_a89 páginas ; _c23 cm. |
||
| 336 |
_atexto _btxt _2rdacontent |
||
| 337 |
_asinmediación _bn _2rdamedia |
||
| 338 |
_avolumen _bnc _2rdacarrier |
||
| 590 | _aInventariado, 2026/BT | ||
| 650 | 4 |
_aSistemas electorales _zAmérica Latina _987784 |
|
| 650 | 4 |
_aElecciones _96411 |
|
| 700 | 1 |
_aMartínez Reyes, José Lino, _epróloguista _987478 _4pr. |
|
| 700 | 1 |
_aMateo Villanueva, Clodoaldo, _ecoordinador _4coord. _912224 |
|
| 910 | _aBtavárez | ||
| 942 |
_2ddc _cLBS1 |
||
| 999 |
_c60250 _d60250 |
||